NHL Team Names by Description - Statistics

General Stats
  • This quiz has been taken 61 times
  • The average score is 20 of 32
Answer Stats
Hint Answer % Correct
This team's name is the French translation of this country's citizens Montreal Canadiens
94%
This team is named for the seven varieties of this fish species that frequent the San Francisco Bay San Jose Sharks
94%
This team name was selected out of "Ice Tigers," "Fury," and "Attack" and is a homage to the saber-toothed cat skeleton that was excavated in this downtown district in Tennessee Nashville Predators
89%
This 2021 expansion team's name is inspired by the mythical naval creature which strongly resembles this marine cephalopod found in Puget Sound Seattle Kraken
89%
This 1993 expansion team's name is inspired from the success of a Disney movie about youth league hockey Anaheim Ducks
86%
This original team's first general manager named the team this Dutch word for Brown Bear Boston Bruins
86%
This 2017 expansion team is partly named in reference to its owner's alma mater mascot and this state's production of a precious metal Vegas Golden Knights
86%
This 1967 expansion team's owner wanted the team to take on an "air of royalty" and picked purple and gold as it colors, commonly associated with monarchs Los Angeles Kings
77%
This team name was inspired by this musical genre made popular in this American city St. Louis Blues
74%
Due to time constraints, the owner of this team unilaterally named the team in reference to these storms that commonly strike the eastern seaboard Carolina Hurricanes
71%
This team's name is inspired by its state's history in the Civil War, including several generals and raising over 20 volunteer infantry regiments for the Union Army Columbus Blue Jackets
71%
After moving to this southern state, the team dropped the cardinal direction "North" from its name Dallas Stars
71%
This team's owner named the team after this country's national symbol Toronto Maple Leafs
66%
This team's name is a reference to a 19th century character that appeared in political cartoons across Canada and serves as a slang demonym for Canadian. Vancouver Canucks
66%
After relocating from Quebec, this team adapted to its new environment and selected a name after a type of landslide that occurs high in the Rocky Mountains Colorado Avalanche
60%
As an expansion team in 1972, this team wanted to ingratiate itself with the residents of its geographic location and not be limited to simply as just another "New York team" New York Islanders
60%
This team's name is inspired by the fact that it is located in this city where the seat of the U.S. government is also located Washington Capitals
60%
This team is named for the large volume of petroleum fields in this Canadian province Edmonton Oilers
54%
This team's avian name was chosen by fans as a reference to their new team that will be playing in the local stadium called the "Igloo" Pittsburgh Penguins
54%
New York media used their comedic chops to name this after its owner Tex Rickard and make a pun based on the widely known Texas law enforcement and investigative body: Tex's ______ New York Rangers
51%
This team was named as a homage to the team that occupied this national capital during the 1880s Ottawa Senators
51%
In 1932, the new owner of this team named it after a team he played for in Montreal called the Winged Wheelers Detroit Red Wings
49%
This owner of the 1993 expansion team wanted to name the team after this feline in order to raise awareness of its endangered species status Florida Panthers
49%
This team was named in reference to the region's weather phenomenon earning the title as "______ Capital of North America." Tampa Bay Lightning
49%
This team's ownership group settled on this name in reference to massive woodlands and life that live in this state Minnesota Wild
46%
After relocating to this state in 1982, the team was named after this legendary creature of the Pine Barrens New Jersey Devils
46%
This team's name is a remnant from its former city of Atlanta which was razed by General Sherman in his March to the Sea during the Civil Way Calgary Flames
43%
After relocating from Atlanta in 2011, this team went back in time and named itself after the city's first NHL team which was named after an NFL team in New York Winnipeg Jets
43%
After relocating from the icy tundra of Canada, this team in the confines of the desert was named through a fan contest which had submissions that included Mustangs, Outlaws, Wranglers, and Scorpions Arizona Coyotes
37%
The sister of this team's owner suggested this name after associating it with players skating and sliding on ice Philadelphia Flyers
34%
This team's first owner named the team after this combat weapon because they are carried by leaders and are effective for both attacking and defending Buffalo Sabres
31%
This original team's owner named the team after the U.S. Army's 86th Infantry Division he served in during World War One Chicago Blackhawks
23%
No matching quizzes found
Score Distribution
Percent of People with Each Score
Percentile by Number Answered
Your Score History
You have not taken this quiz